000
00316 a2200109 4500
001
ART_27807
005
20260410161949.0
008
260409a
245
1
0
_a
Las materias grasas y nuestra salud
100
1
_a
Ciappini, María Cristina
773
0
_t
Invenio
_g
- Año 1, Nº 2 (nov. 1998)
_w
REV27781
999
_c
30240
_d
30240